Регионална библиотека "Любен Каравелов" - Русе

Музикално-теоретично и публицистическо наследство (Запис номер 116676)

MARC детайли
000 -Лидер
Контролно поле с фиксирана дължина 01452nam a2200361 a 4500
003 - Код на организацията, давaща контролен номер
Контролно поле BLK
005 - Дата и час на последна редакция
Контролно поле 20241207155255.0
008 - Елементи от данни с фиксирана дължина
fixed length control field 180409b bul|||||r ||||||| ||bul||
010 ## - Наследен системен номер
LC control number KNG00122235000
040 ## - Източник на каталожния запис
Идентификатор на билиотеката - собственик на записа BLK
041 ## - Код за език
Код за езика на текст/звукозапис или на отделно заглавие Български
Код за езика КДБФ Български
080 ## - УДК
Текстов определител УДК Музика
УДК код - определител по УДК 78
УДК определител (497.2)
УДК - код + определител 78(497.2)
100 1# - Редна дума - Автор
Автор Христов, Добри Лазаров
Авторска отговорност първи автор
R(LIN) 376372
139 ## - Редно поле
Редна дума Христов, Добри Лазаров
Авторски знак Христов - Х 78
245 10 - Сведения за заглавието
Заглавие Музикално-теоретично и публицистическо наследство
Подзаглавни данни Т. 1 -
Редно поле (дума) Добри Лазаров Христов; състав. Венелин Кръстев.
Том Т. 2
257 ## - Страна на издаване
Страна на създаване/издаване България
260 ## - Област на издателските данни
Място на издаване, разпространение и проч. София
Име на издателя, разпространителя и проч. БАН
Година на издаване 1967 -
300 ## - Физическа характеристика
Размери/Мащаб 24 см
380 ## - Жанр
Жанр Изкуство
500 ## - Общи забележки
Забележка Изд. на БАН. Инст. за музика.
650 #0 - Допълнително описание по предмет – тема
Основно описание – тема или топоним Музика - България
9 (RLIN) 256005
653 ## - Ключова дума – ненормативна
Ключова дума музика
653 ## - Ключова дума – ненормативна
Ключова дума България
700 ## - Други автори (авторска отговорност)
Лично име Кръстев, Венелин Георгиев
Дати, свързани с автора 1919-2015
9 (RLIN) 429750
760 1# - Описание на основната серия
Редна дума на основното описание Христов, Добри Лазаров
Място на издаване, издател и година 1970
Страници - том 372 с. : с ноти
Забележка - том Библиогр. с. 363 - 367.
Заглавие Т. 2
852 ## - Местоположение
Форматна сигнатура Цб 43545
856 4# - Електронен адрес и достъп
Електронен формат pdf - файл
856 4# - Електронен адрес и достъп
Електронен формат pdf - файл
999 ## - СИСТЕМНИ КОНТРОЛНИ НОМЕРА
Koha biblionumber 116676
Koha biblioitemnumber 116676
942 ## - АРТИКУЛИ
Вид на библиотечния материал Книги
Скрит в OPAC Не
Koha issues (borrowed), all copies 1
Периодичен библиозапис Да
944 ## - СЪЗДАВАНЕ И РЕДАКЦИЯ на ЗАПИСА
Създаване/Редакция Създаване
Дата на регистрацията/редакция 21.03.2011
Статус, дата на статуса Геновева Генчева
Служител, извършил регистрацията/редакцията 30560
944 ## - СЪЗДАВАНЕ И РЕДАКЦИЯ на ЗАПИСА
Създаване/Редакция Редакция
Дата на регистрацията/редакция 21.07.2015
Статус, дата на статуса добави в АБ / 19.03.2011
Служител, извършил регистрацията/редакцията Ирена_Линкова
999 ## - СИСТЕМНИ КОНТРОЛНИ НОМЕРА
Koha biblioitemnumber 116676
Наличности
Код за отписване Код за изгубен артикул Източник на класификационната схема Код за повреда Коз за рестрикции Код за отдаване Артикулен № Име на библиотеката - собственик Име на библиотеката, в която се намира в момента Статус (Текущо местоположение) Дата на вписване в системата Местоположение - отдел Цена в лева Инвентарен номер Систематично азбучна сигнатура Баркод Номер на екземпляра Цена в евро Служебна бележка Служебен тип на артикула
  Не е изгубен Universal Decimal Classification Не е повреден без рестрикции заемане за дома 187997 Регионална библиотека "Любен Каравелов" Русе Регионална библиотека "Любен Каравелов" Русе Отдел Изкуство - подръчен фонд 1970-01-01 Отдел Изкуство - подръчен фонд 3.98 99284 78(497.2)/Х 78 120000099284 1 2.03 N: стар фонд Дата: 01.01.1970 Дата инв: 19.06.2012 Бележки инв: * Книги
  Не е изгубен Universal Decimal Classification Не е повреден само за читалня ползва се в читалня 187998 Регионална библиотека "Любен Каравелов" Русе Регионална библиотека "Любен Каравелов" Русе Хранилище 1970-01-01 Хранилище 3.98 96565 Цб 43545 120000096565 2 2.03 Дост: Dp Вид: Д N: сф Дата: 01.01.1970 Книги
Изтеглен Не е изгубен Universal Decimal Classification Не е повреден без рестрикции заемане за дома 187999 Регионална библиотека "Любен Каравелов" Русе Регионална библиотека "Любен Каравелов" Русе Отдел Изкуство - подръчен фонд 1970-01-01 Отдел Изкуство - подръчен фонд 3.98 99283 78(497.2)/Х 78 99283 3 2.03 Дост: Pk Вид: Ф N: сф Дата: 01.01.1970 Дата инв: 03.04.2017 Бележки инв: ИП2017 Книги
Vip Innovations Ltd, Rousse, Bulgaria 2025